X-ray optics : the diffraction of X-rays by finite and imperfect crystals /

Saved in:
Bibliographic Details
Main Author: Wilson, A. J. C. (Arthur James Cochran), 1914-
Format: Book
Language:English
Published: London : New York ; Methuen; Wiley, c1962.
Edition:[2d ed., rev. and enl.].
Series:Methuen's monographs on physical subjects
Subjects:
LEADER 01043nam a22002771a 4500
001 c000050513
003 CARM
005 19860902000000.0
008 831011s1962 enka 000 0 eng
010 |a 62053373 /L/r83 
019 1 |a 2953715  |5 LACONCORD2021 
035 |a (OCoLC)1451101  |5 LACONCORD2021 
040 |a LC  |b eng  |c LC  |d NNCU:A 
050 0 0 |a QD945  |b .W5 1962 
082 1 4 |a 548.83 
100 1 |a Wilson, A. J. C.  |q (Arthur James Cochran),  |d 1914- 
245 1 0 |a X-ray optics :  |b the diffraction of X-rays by finite and imperfect crystals /  |c by A.J.C. Wilson. 
250 |a [2d ed., rev. and enl.]. 
260 |a London :  |b Methuen;  |a New York ;  |b Wiley,  |c c1962. 
300 |a 147 p. :  |b ill. ;  |c 20 cm. 
440 0 |a Methuen's monographs on physical subjects 
650 0 |a X-rays. 
650 0 |a Crystals. 
852 8 |b CARM  |h A2:AE09G0  |i A00067  |p 0032423  |f BK 
999 f f |i 12d5d1e1-53f2-573a-90d1-bd0ba0b5bd82  |s 79e6ffd1-dc8e-563c-8ad2-90340d39384d 
952 f f |p Can circulate  |a CAVAL  |b CAVAL  |c CAVAL  |d CARM 1 Store  |e A00067  |f A2:AE09G0  |h Other scheme  |i book  |m 0032423